Statistics for Biggest Cities in South Africa

Click here to take the quiz!

General Stats

  • This quiz has been taken 94 times
    (37 since last reset)
  • The average score is 7 of 15

Answer Stats

Population City % Correct
7,860,781Johannesburg
100%
3,430,992Cape Town
97%
1,763,336Pretoria
94%
876,436Port Elizabeth
94%
2,786,046Durban
91%
464,591Bloemfontein
91%
295,644East London
44%
475,238Pietermaritzburg
28%
377,922Vereeniging
9%
311,901Rustenburg
6%
291,484Newcastle
6%
311,657Witbank
3%
242,924Uitenhage
3%
728,063Soshanguve
0%
605,504Evaton
0%

Score Distribution

Percentile by Number Answered

Percent of People with Each Score

Your Score History

You have not taken this quiz since the last reset